Vector ngẫu nhiên 2 chiều

Một số kiến thức cơ bản của lý thuyết xác suất thống kê liên quan đến vectơ ngẫu nhiên 2 chiều. Các định nghĩa, định lí, hệ quả, ví dụ bài tập về vectơ ngẫu nhiên 2 chiều

में बचाया:
ग्रंथसूची विवरण
मुख्य लेखक: Lê Thị Kim Thoa
अन्य लेखक: Lê Văn Dũng (Hướng dẫn)
स्वरूप: पुस्तक
भाषा:Vietnamese
प्रकाशित: Đà Nẵng Đại học Sư phạm, Đại học Đà Nẵng 2013
विषय:
टैग : टैग जोड़ें
कोई टैग नहीं, इस रिकॉर्ड को टैग करने वाले पहले व्यक्ति बनें!
Thư viện lưu trữ: Mạng thư viện Đại học Đà Nẵng
LEADER 01591nam a2200349 4500
001 000018711
003 15146
005 20131220151223.0
008 131218s2013 viesd
041 |a vie 
082 1 4 |a 519.2  |b LÊ-T 
100 1 |a Lê Thị Kim Thoa 
245 1 0 |a Vector ngẫu nhiên 2 chiều  |c Lê Thị Kim Thoa ; Lê Văn Dũng hướng dẫn  |k Khóa luận tốt nghiệp 
260 |a Đà Nẵng  |b Đại học Sư phạm, Đại học Đà Nẵng  |c 2013 
300 |a 43 tr.  |c 29 cm.  |e Bản tóm tắt 
500 |a Khóa luận tốt nghiệp đại học. Chuyên ngành: Sư phạm Toán 
520 |a Một số kiến thức cơ bản của lý thuyết xác suất thống kê liên quan đến vectơ ngẫu nhiên 2 chiều. Các định nghĩa, định lí, hệ quả, ví dụ bài tập về vectơ ngẫu nhiên 2 chiều 
650 0 4 |a Xác suất thống kê  |v Khóa luận tốt nghiệp  |x Vector ngẫu nhiên 2 chiều 
653 |a Khoa Toán 
653 |a Vector ngẫu nhiên 2 chiều 
653 |a Xác suất thống kê 
700 1 |a Lê Văn Dũng  |e Hướng dẫn 
OWN |a LSP 
AVA |a UDN50  |b LSP  |d 519.2 LÊ-T  |e available  |t Error 5001 Not defined in file expand_doc_bib_avail.  |f 1  |g 0  |h N  |i 0  |k 1 
999 |a From the UDN01 
AVA |a UDN50  |b LSP  |d 519.2 LÊ-T  |e available  |t Error 5001 Not defined in file expand_doc_bib_avail.  |f 1  |g 0  |h N  |i 0  |k 1 
TYP |a Monograph 
TYP |a Printed language 
980 |a Mạng thư viện Đại học Đà Nẵng